Missing Word: ABC Shows (1950s) Quiz Stats

 Plays Quiz Updated Feb 9, 2013

Support Sporcle.
Go Orange.
Score 0/16 Timer 02:00
0 Plays Today
Television Series Missing Word % Correct
The _____ Sinatra ShowFrank
96.6%
_____ It to BeaverLeave
95.1%
_____ Disney PresentsWalt
93.8%
_____ BandstandAmerican
88%
The Grand ____ OpryOle
87.5%
The Mickey Mouse _____Club
86.8%
The _____ McCoysReal
84.8%
The _____ Welk ShowLawrence
80.5%
Television Series Missing Word % Correct
77 _____ StripSunset
80%
The Adventures of Ozzie and _____Harriet
79.8%
The _____ Reed ShowDonna
72.2%
Bourbon _____ BeatStreet
61%
Rocky & His _____Friends
55%
ABC _____ NewsWorld
36.8%
Who Do You _____?Trust
22%
Hawaiian _____Eye
20.2%

Today's Daily Dose

Missing Word
'80s Musicals

Word Ladder
Hereditary

Get the Picture
Food Names

From the Vault

Double Letter Words (A-Z)

by rlnintendo

Do these words really need to be so repetitive?
Remove Ads.
Support Sporcle.
Get the best of Sporcle when you Go Orange. This ad-free experience offers more features, more stats, and more fun while also helping to support Sporcle. Thank you for becoming a member.

Show Comments

Extras

Top Quizzes Today


Score Distribution

Your Account Isn't Verified!

In order to create a playlist on Sporcle, you need to verify the email address you used during registration. Go to your Sporcle Settings to finish the process.

Report this User

Report this user for behavior that violates our Community Guidelines.

Details: